Guess the Country by its Flag - Statistics

General Stats
  • This quiz has been taken 9,988 times
  • The average score is 13 of 15
Answer Stats
Picture Answer % Correct
canada
100%
united kingdom
99%
india
96%
australia
95%
brazil
95%
mexico
95%
south korea
94%
ukraine
94%
greece
90%
sweden
90%
portugal
88%
norway
86%
egypt
85%
netherlands
83%
namibia
40%
No matching quizzes found
Score Distribution
Percent of People with Each Score
Percentile by Number Answered
Your Score History
You have not taken this quiz